A kiégés kutatása a női pedagógusok között
| Szerző: | |
|---|---|
| További közreműködők: | |
| Dokumentumtípus: | Diplomadolgozat |
| Kulcsszavak: | 21. század adatfelvétel adatgyűjtés család és háztartás pedagógusok |
| Online Access: | http://dolgozattar.uni-bge.hu/59533 |
MARC
| LEADER | 00000nta a2200000 i 4500 | ||
|---|---|---|---|
| 001 | dolg59533 | ||
| 005 | 20260409145209.0 | ||
| 008 | 260409suuuu hu om 000 hun d | ||
| 040 | |a BGE Dolgozattár Repozitórium |b hun | ||
| 041 | |a hu | ||
| 100 | 1 | |a Takáts Réka | |
| 245 | 1 | 2 | |a A kiégés kutatása a női pedagógusok között |c Takáts Réka |h [elektronikus dokumentum] |
| 520 | 3 | |a A szakdolgozatomnak a kutatási témája a női pedagógusok kiégése. A célom, hogy részletesen bemutassam a pedagógusok mentális helyzetét, a kiégéssel való kapcsolatukat és hogy milyen hétköznapi nehézségekkel kell megküzdeniük a hivatásuk és magánéletük során, valamint, hogy ez miként befolyásolja a mentális jóllétüket. A dolgozatomban három félig strukturált interjút készítettem el, valamint egy vegyes kérdőívet, amely tartalmaz zárt és nyílt kérdéseket is. Az eredmények alapján arra tudok következtetni, hogy a kiégés bizonyos tünetei jelen vannak a pedagógus hivatásban. A kutatásom végéhez érve arra tudok következtetni, hogy a pedagógus lét nehézségeinek következtében könnyedén kialakulhat a kiégés, ám a tájékozottságának köszönhetően a legtöbbek előzetesen is tesznek a mentális jóllétükért, vagy éppen időben felismerik a jeleket. | |
| 695 | |a 21. század | ||
| 695 | |a adatfelvétel | ||
| 695 | |a adatgyűjtés | ||
| 695 | |a család és háztartás | ||
| 695 | |a pedagógusok | ||
| 700 | 1 | |a Fekete-Frojimovics Dr. Zsófia |e ths | |
| 856 | 4 | 0 | |u http://dolgozattar.uni-bge.hu/59533/1/Tak%C3%A1ts_R%C3%A9ka__A%20ki%C3%A9g%C3%A9s%20kutat%C3%A1sa%20a%20n%C5%91i%20pedag%C3%B3gusok%20k%C3%B6z%C3%B6tt.pdf |z Dokumentum-elérés |
| 856 | 4 | 0 | |u http://dolgozattar.uni-bge.hu/59533/2/BA%20b%C3%ADr%C3%A1lati%20lap%202025_Tak%C3%A1tsR_PED.pdf |z Dokumentum-elérés |
| 856 | 4 | 0 | |u http://dolgozattar.uni-bge.hu/59533/3/Tak%C3%A1ts%20R%C3%A9ka_B%C3%ADr%C3%A1lati%20lap_BSc_BA_MSc_MA_2025_Dr_Jevcs%C3%A1k_Szintia.pdf |z Dokumentum-elérés |